Loudest College Football Stadiums - Statistics

General Stats
  • This quiz has been taken 35 times
  • The average score is 32 of 42
Answer Stats
Hint Answer % Correct
Bryant-Denny Stadium Alabama
100%
______ Stadium (MI) Michigan
97%
Beaver Stadium Penn State
97%
Darrell K. Royal ____ Memorial Stadium Texas
97%
______ Stadium (AZ) Arizona
94%
Ben Hill Griffin Stadium Florida
94%
Spartan Stadium Michigan State
94%
Kyle Field Texas A&M
91%
Rose Bowl UCLA
91%
Donald W. Reynolds Razorback Stadium Arkansas
88%
Sanford Stadium Georgia
88%
Husky Stadium Washington
88%
Jordan-Hare Stadium Auburn
85%
Tiger Stadium LSU
85%
Memorial Stadium (MO) Missouri
85%
Neyland Stadium Tennessee
85%
Camp Randall Stadium Wisconsin
85%
Memorial Stadium (SC) Clemson
82%
Doak S. Campbell Stadium Florida State
82%
Gaylord Family ______ Memorial Stadium Oklahoma
82%
Autzen Stadium Oregon
82%
Williams-Brice Stadium South Carolina
79%
____ Stadium (OH) Ohio State
76%
_____ _____ Stadium (IN) Notre Dame
73%
Boone Pickens Stadium Oklahoma State
73%
Albertsons Stadium Boise State
70%
Memorial Stadium (NE) Nebraska
70%
Mountain America Stadium Arizona State
67%
LaVell Edwards Stadium BYU
67%
Nile Kinnick Stadium Iowa
67%
Folsom Field Colorado
64%
Vaught-Hemingway Stadium Ole Miss
64%
Bill Snyder Family Football Stadium Kansas State
61%
Reser Stadium Oregon State
61%
Lane Stadium Virginia Tech
61%
Rice-Eccles Stadium Utah
58%
McLane Stadium Baylor
52%
Carter-Finley Stadium NC State
52%
Ross-Ade Stadium Purdue
45%
Martin Stadium Washington State
45%
Milan Puskar Stadium West Virginia
45%
Nippert Stadium Cincinnati
42%
No matching quizzes found
Score Distribution
Percent of People with Each Score
Percentile by Number Answered
Your Score History
You have not taken this quiz